Statistics for US States by Highest Recorded Temperature

Click here to take the quiz!

General Stats

  • This quiz has been taken 55 times
  • The average score is 13 of 15

Answer Stats

TemperatureAnswer% Correct
128°Arizona
100%
134°California
100%
120°Texas
100%
125°New Mexico
98%
122°Oklahoma
98%
121°Kansas
96%
125°Nevada
96%
118°Missouri
86%
118°Nebraska
86%
121°North Dakota
86%
120°South Dakota
86%
118°Iowa
82%
120°Arkansas
78%
118°Idaho
72%
118°Washington
58%

Score Distribution

Percentile by Number Answered

Percent of People with Each Score

Your Score History

You have not taken this quiz